La encarnación: Cristo al encuentro de los hombres
Збережено в:
| Співавтор: | |
|---|---|
| Формат: | Книга |
| Мова: | Іспанська |
| Опубліковано: |
Valencia
Facultad de Teología San Vicente Ferrer
2003
|
| Серія: | Series Valentina, 48
|
| Предмети: | |
| Теги: |
Додати тег
Немає тегів, Будьте першим, хто поставить тег для цього запису!
|
MARC
| LEADER | 00000nam a2200000 a 4500 | ||
|---|---|---|---|
| 001 | UCK3615 | ||
| 003 | CL-VaPUC | ||
| 005 | 20210427001424.0 | ||
| 008 | 050429e20030000sp 1 spa d | ||
| 020 | |a 8495269139 | ||
| 082 | 0 | 4 | |a 232.1 |b FAC |2 21 |
| 110 | 2 | |a Facultad de Teología San Vicente Ferrer |e author |9 620702 | |
| 245 | 1 | 3 | |a La encarnación: Cristo al encuentro de los hombres |
| 260 | |a Valencia |b Facultad de Teología San Vicente Ferrer |c 2003 | ||
| 300 | |a 485 p | ||
| 490 | 0 | |a Series Valentina, 48 | |
| 500 | |a Actas del 11 Simposio de Teología Histórica | ||
| 583 | |a last modification |c 20190826 09:00:55 |k Rodrigo Vera | ||
| 650 | 0 | 7 | |a ENCARNACION |2 CL-VaPUC |9 346469 |
| 650 | 0 | 0 | |a Cristología |9 315091 |
| 942 | |c BK | ||
| 945 | |a jcarroza |d 20050429 00:00:00 | ||
| 546 | |a En Español | ||
| 536 | |a Facultad de Teología San Vicente Ferrer | ||
| 518 | |p Simposio de Teología Histórica, 11, Valencia, 6 al 8 de marzo de 2002 | ||
| 999 | |c 384119 |d 384117 | ||
| 952 | |0 0 |1 0 |4 0 |6 232_100000000000000_FAC_2003 |7 0 |8 A |9 506593 |a BIBTEO |b BIBTEO |d 2020-01-23 |i 4107640 |o 232.1 FAC 2003 |p 4107640 |r 2025-01-17 |w 2020-01-23 |y BK |k ICR | ||